Kraje na Mistrzostwach Świata FIFA - Statystyki

Ogólne statystyki
  • Ten quiz został rozwiązany 1 521 razy
  • Średni wynik to 12 z 16
Statystyki odpowiedzi
Zagadnienie Komórka Select % Poprawnych
. Belgia Tak
94%
. Meksyk Tak
92%
. Arabia Saudyjska Tak
87%
. Mongolia Nie
87%
. Filipiny Nie
85%
. Austria Tak
79%
. Ekwador Tak
78%
. Indie Nie
77%
. Turcja Tak
76%
. Tunezja Tak
74%
. Kanada Tak
72%
. Finlandia Nie
68%
. Islandia Tak
68%
. Republika Południowej Afryki Tak
62%
. Nowa Zelandia Tak
58%
. Côte d'Ivoire Tak
56%
Nie znaleziono quizów pasujących do podanych kryteriów
Rozkład punktacji
Procent ludzi z każdym wynikiem
Percentyl według liczby udzielonych odpowiedzi
Twoja historia wyników
Nie rozwiązałeś tego quizu